000 00437nam a22001697a 4500
003 CEME
005 20210628203716.0
008 210317b xxu||||| |||| 00| 0 eng d
020 _a81-7100-356-7
040 _c.
082 _a355.02 GHO'P
100 _aGhosh, B. N,Singh, Nonika
_966961
245 _aPolitics and economics of the gulf war
260 _aRAWALPINDI
_bARMY EDUCATION PRESS
_c1991
300 _a187P
942 _cBK
_2ddc
999 _c574818
_d574818